Eastern Utah Libraries Catalog: Duchesne, Heber, Roosevelt, & Vernal

Disenchanted : (Record no. 295367)

MARC details
000 -LEADER
fixed length control field 02241nam a2200457 i 4500
005 - DATE AND TIME OF LATEST TRANSACTION
control field 20200320201656.0
008 - FIXED-LENGTH DATA ELEMENTS--GENERAL INFORMATION
fixed length control field 160307t20162016nyu c 000 1 eng c
020 ## - INTERNATIONAL STANDARD BOOK NUMBER
International Standard Book Number 9780545642712
040 ## - CATALOGING SOURCE
Original cataloging agency NJQ/DLC
Language of cataloging eng
Description conventions rda
Transcribing agency NJQ
Modifying agency MMLLC
050 00 - LIBRARY OF CONGRESS CALL NUMBER
Classification number PZ8.M8313
Item number Di 2016
082 04 - DEWEY DECIMAL CLASSIFICATION NUMBER
Classification number [Fic]
Edition number 23
100 1# - MAIN ENTRY--PERSONAL NAME
Personal name Morrison, Megan,
Dates associated with a name 1976-
Relator term author.
9 (RLIN) 5926928
245 10 - TITLE STATEMENT
Title Disenchanted :
Remainder of title the trials of Cinderella /
Statement of responsibility, etc Megan Morrison.
250 ## - EDITION STATEMENT
Edition statement First edition.
264 #1 - Production, Publication, Distribution, Manufacture, and Copyright Notice.
Place of production, publication, distribution, manufacture [Place of publication not identified] :
Name of producer, publisher, distributor, manufacturer Scholastic,
Date of production, publication, distribution, manufacture, or copyr 2016.
264 #1 - Production, Publication, Distribution, Manufacture, and Copyright Notice.
Place of production, publication, distribution, manufacture New York, NY :
Name of producer, publisher, distributor, manufacturer Arthur A. Levine Books, an imprint of Scholastic Inc.,
Date of production, publication, distribution, manufacture, or copyr 2016.
-- ©2016.
264 #2 - Production, Publication, Distribution, Manufacture, and Copyright Notice.
Place of production, publication, distribution, manufacture Old Saybrook, Connecticut :
Name of producer, publisher, distributor, manufacturer www.micromarketing.org
300 ## - PHYSICAL DESCRIPTION
Extent [T/K pages;
Dimensions T/K cm.?]
336 ## - Content Type
Content type term text
337 ## - Media type
Media type term unmediated
338 ## - Carrier type
Carrier type term volume
490 1# - SERIES STATEMENT
Series statement Tyme ;
Volume number/sequential designation 2.
520 ## - SUMMARY, ETC.
Summary, etc For generations the Charming men have been cursed, but now that the witch Envearia is dead the curse should be broken--however things are complicated at Charming Palace: King Clement is still nasty, Queen Maud has fled with the help of her son, Prince Dash, and Ella Coach (called Cinderella) would rather be at home sewing than living in the palace at Charming Prep school.
588 ## -
-- Title and description based on researched data; resource not viewed.
650 #0 - SUBJECT ADDED ENTRY--TOPICAL TERM
Topical term or geographic name as entry element Cinderella (Legendary character)
Form subdivision Juvenile fiction.
9 (RLIN) 5690457
650 #0 - SUBJECT ADDED ENTRY--TOPICAL TERM
Topical term or geographic name as entry element Blessing and cursing
Form subdivision Juvenile fiction.
9 (RLIN) 5675729
650 #0 - SUBJECT ADDED ENTRY--TOPICAL TERM
Topical term or geographic name as entry element Magic
Form subdivision Juvenile fiction.
9 (RLIN) 5673690
650 #0 - SUBJECT ADDED ENTRY--TOPICAL TERM
Topical term or geographic name as entry element Princes
Form subdivision Juvenile fiction.
9 (RLIN) 5675272
650 #0 - SUBJECT ADDED ENTRY--TOPICAL TERM
Topical term or geographic name as entry element Interpersonal relations
Form subdivision Juvenile fiction.
9 (RLIN) 5675981
650 #1 - SUBJECT ADDED ENTRY--TOPICAL TERM
Topical term or geographic name as entry element Fairy tales.
9 (RLIN) 5926929
650 #1 - SUBJECT ADDED ENTRY--TOPICAL TERM
Topical term or geographic name as entry element Characters in literature
Form subdivision Fiction.
9 (RLIN) 5674873
650 #1 - SUBJECT ADDED ENTRY--TOPICAL TERM
Topical term or geographic name as entry element Blessing and cursing
Form subdivision Fiction.
9 (RLIN) 5675732
650 #1 - SUBJECT ADDED ENTRY--TOPICAL TERM
Topical term or geographic name as entry element Magic
Form subdivision Fiction.
9 (RLIN) 5673694
650 #1 - SUBJECT ADDED ENTRY--TOPICAL TERM
Topical term or geographic name as entry element Princes
Form subdivision Fiction.
9 (RLIN) 5678712
650 #1 - SUBJECT ADDED ENTRY--TOPICAL TERM
Topical term or geographic name as entry element Interpersonal relations
Form subdivision Fiction.
9 (RLIN) 5673978
800 1# - SERIES ADDED ENTRY--PERSONAL NAME
Personal name Morrison, Megan,
Dates associated with a name 1976-
Title of a work Tyme ;
Volume/sequential designation 2.
9 (RLIN) 5926930
942 ## - ADDED ENTRY ELEMENTS (KOHA)
Koha item type BOOK
948 ## - LOCAL PROCESSING INFORMATION (OCLC); SERIES PART DESIGNATOR (RLIN)
Series part designator, SPT (RLIN) 12/01/2016
z (OCLC) Sirsi
949 ## - LOCAL PROCESSING INFORMATION (OCLC)
b www.MicroMarketing.org 800-229-9887
996 ## -
-- 136800
-- 34301001335423
-- J
-- bk
-- wcl
-- i
-- 10
-- 17.99
-- micromarketing
-- Mor
-- 12/02/2016
-- 10/22/2019
-- 09/13/2019
Holdings
Withdrawn status Lost status Source of classification or shelving scheme Damaged status Not for loan Collection code Home library Current library Shelving location Date acquired Cost, normal purchase price Total Checkouts Total Renewals Full call number Barcode Date last seen Date checked out Cost, replacement price Price effective from Koha item type
    Dewey Decimal Classification     Junior Fiction Wasatch County Library Wasatch County Library Main Floor Junior Area 12/02/2016 17.99 17 9 J Morrison 34301001335423 09/03/2024 06/05/2024 17.99 03/20/2020 BOOK
This project was made possible through a grant from the Institute of Museum and Library Service administered by the Utah State Library Division.

Wasatch County Library

  • 465 East 1200 South, Heber City, Utah 84032
  • Phone 435-654-1511 | Fax 435-654-6456

Hours

  • Monday - Friday 9:30 AM - 8:00 PM
  • Saturday 9:30 AM - 1:30 PM
  • Closed Sundays and Holidays